00592nam a2200193Ia 4500008004100000020000700041082001500048100002400063245004800087250000700135260005200142300002400194500000700218600002700225650001300252942000700265952011100272999001500383240925s9999 xx 000 0 und d aNA a297.63 BAD aBadawi ,Jamal A. 0aMuhammad's Prophethood: an analytical view  aNA aRiyadh:bWorld Assembly of Muslim Youthc,1990. a206p.bNAfOriginal aNA aEngineering Technology aReligion cBK 001040708ETaUITUbUITUd2002-04-17eGifted l0o297.63 BADpQ4323r2024-09-25 07:13:28w2024-09-25yBK c6822d6822